• 首页
  • 本馆介绍
  • 公告通知
  • 最新文献
  • 馆藏检索
  • 电子资源
  • 读者导购
  • 参考咨询
  • 我的图书馆
  • 登录
  • 详细信息显示
  • 放入我的书架
  • 预约/预借图书
  • 作者相关作品
  • 分类相关作品
  • 丛书相关作品
  • 出版社相关作品

书目信息

  • 表格格式
  • 工作单格式
  • 卡片格式
题名:
国际笔会作品集
    
 
作者: ;中国上海笔会中心 编译
分册:  
出版信息: 上海   上海译文出版社  1984
页数: 641页
开本: 21cm
丛书名: 译文丛刊专辑
单 册:
中图分类: I11
科图分类:
主题词: 文学--作品集--世界
电子资源:
ISBN:
000 00743nam2 2200265 45
001 0184003422
005 20040418145753.3
010    @dCNY3.00
091    @a10188.475
100    @a19950623d1984 em y0chiy0121 ea
101 1  @achi@cmul
102    @aCN@b310000
105    @ay z 000zy
106    @ar
200 10 @a国际笔会作品集@Aguo ji bi hui zuo pin ji@f中国上海笔会中心编译
210    @a上海@c上海译文出版社@d1984
215    @a641页@d21cm
225 2  @a译文丛刊专辑
410  0 @120010@a译文丛刊专辑
606 0  @a文学@x作品集@x世界
690    @aI11
711 02 @a中国上海笔会中心@Azhong guo shang hai bi hui zhong xin@4编译
801  0 @aCN@b上海图书馆@c20040418
801  2 @aCN@bNLC@c20040418
905    @f4@b156215-218@dI11@e136
    
    国际笔会作品集/中国上海笔会中心编译.-上海:上海译文出版社,1984
    641页;21cm.-(译文丛刊专辑)
    
    
    ISBN :CNY3.00
    
●
相关链接 在E读中查询图书 在五车中查询图书 在当当中查询图书 在豆瓣中查询图书


正题名:国际笔会作品集     索取号:I11/136         预约/预借

序号 登录号 条形码 馆藏地/架位号 状态 备注
1 0156215   000087373   密集书库/ [索取号:I11/136] 在馆    
2 0156216   000087382   密集书库/ [索取号:I11/136] 在馆    
3 0156217   000087391   密集书库/ [索取号:I11/136] 在馆    
4 0156218   000087408   第二借阅区/ [索取号:I11/136] 在馆    
5 0156219   000087417   第一样本阅览室/ [索取号:I11/136] 在馆    
唐山师范学院图书馆 欢迎您!
大连网信软件有限公司© 版权所有